000 00521nam a2200193 a 4500
001 2420
005 20140414131911.0
008 050601s19uu xx 00 eng d
020 _a1-90046-643-0
050 _aER
_bC48 1999
100 _aBrown, Janet
245 _aCinderella /
_cstory retold by Janet Brown ; illustrations by Ken Morton.
260 _bBookmart,
_c1999.
300 _a1 v. p. : ill. ; cm.
440 _aRead with Mummy
650 _aFairy tales.
650 _aChildren stories.
999 _c111205
_d111205